Welcome to the Holygrace Academy Library

Please use search bar below to get started

NJANENGANE KAMMUNISTAYI (Record no. 1204)

MARC details
000 -LEADER
fixed length control field 00360nam a22001457a 4500
082 ## - DEWEY DECIMAL CLASSIFICATION NUMBER
Classification number 894-812
Item number KAS/A
100 ## - MAIN ENTRY--AUTHOR NAME
Personal name M.P.ACHUTHAN
245 ## - TITLE STATEMENT
Title NJANENGANE KAMMUNISTAYI
Remainder of title COMMUNISM
246 ## - VARYING FORM OF TITLE
Title proper/short title NJANENGANE KAMMUNISTAYI
Remainder of title COMMUNISM
260 ## - PUBLICATION, DISTRIBUTION, ETC. (IMPRINT)
Place of publication TRIVANDRUM
Name of publisher PRABHATH BOOK HOUSE
Year of publication 1988
300 ## - PHYSICAL DESCRIPTION
Number of Pages 100
520 ## - SUMMARY, ETC.
Summary, etc COMMUNISM
650 ## - SUBJECT ADDED ENTRY--TOPICAL TERM
Topical Term COMMUNISM
942 ## - ADDED ENTRY ELEMENTS (KOHA)
Koha item type Books
Holdings
Withdrawn status Lost status Collection code Home library Current library Shelving location Date acquired Source of acquisition Cost, normal purchase price Full call number Accession Number Koha item type
    Non-fiction Main Library Main Library SHELF-6 B PAZHAMCHOLLUKAL,GAMES,HUMOUR 08/06/2016 Purchase 12.00 894-812 KAS/A 01981 Books